00420nam a2200193Ia 4500003000900000008004100009040001300050040001300063041000800076100002300084245003900107250001000146260001200156260000900168300001100177300001000188490002200198490000600220IT-RoPAU120407s9999 xx 000 0 und d aIT-RoPAU cIT-RoPAU aita aClaude Tresmontant aEssai sur la pensée hébraique. aParis aDu Cerf c1953 a169 p. c22 cm aLectio Divina, 12 v1